crying during s*x - ethel cain - Statistics

General Stats
  • This quiz has been taken 25 times
  • The average score is 239 of 289
Answer Stats
Answer % Correct
a
100%
and
100%
be
100%
been
100%
drags
100%
for
100%
gone
100%
hate
100%
here
100%
he's
100%
him
100%
i
100%
I
100%
i've
100%
long
100%
on
100%
the
100%
time
100%
to
100%
too
100%
why
100%
years
100%
in
94%
me
94%
weeks
94%
you
94%
always
88%
back
88%
brother
88%
crying
88%
during
88%
happened
88%
it
88%
no
88%
sex
88%
so
88%
something
88%
sweet
88%
that
88%
then
88%
want
88%
was
88%
what
88%
when
88%
will
88%
young
88%
your
88%
do
82%
don't
82%
ever
82%
everlasting
82%
hold
82%
i'd
82%
if
82%
know
82%
like
82%
median
82%
overwhelming
82%
pew
82%
said
82%
sing
82%
take
82%
with
82%
you'll
82%
blues
76%
breath
76%
didn't
76%
i'm
76%
lied
76%
love
76%
my
76%
never
76%
wonder
76%
ask
71%
asking
71%
because
71%
between
71%
bite
71%
boat
71%
breathing
71%
bruises
71%
but
71%
deep
71%
down
71%
drink
71%
either
71%
eyes
71%
feel
71%
forgot
71%
from
71%
hand
71%
holding
71%
it's
71%
keep
71%
look
71%
Lord's
71%
myself
71%
need
71%
needs
71%
next
71%
now
71%
or
71%
right
71%
sick
71%
sighs
71%
sinks
71%
sit
71%
supposed
71%
terrified
71%
thighs
71%
this
71%
tradition's
71%
way
71%
we're
71%
where
71%
would
71%
yellow
71%
coals
65%
drive
65%
drowning
65%
eating
65%
forget
65%
God
65%
heavy
65%
into
65%
ligature
65%
means
65%
only
65%
people
65%
stop
65%
through
65%
trying
65%
won't
65%
world
65%
worth
65%
euthanasia
59%
light
59%
marks
59%
mind
59%
night
59%
river
59%
two
59%
wading
59%
warm
59%
lying
53%
place
53%
all
47%
get
47%
heaven
47%
left
47%
of
47%
dreams
41%
easy
41%
out
41%
praying
41%
quiet
41%
could
29%
tried
29%
No matching quizzes found
Score Distribution
Percent of People with Each Score
Percentile by Number Answered
Your Score History
You have not taken this quiz